| 000 | 00717nam a2200217 a 4500 | ||
|---|---|---|---|
| 005 | 20241214063731.0 | ||
| 008 | 140521s2007 mx r 000 0 spa d | ||
| 020 | _a9789705802751 | ||
| 035 | _aUPN01000197412 | ||
| 049 | _aI | ||
| 050 | 4 |
_aQA141.3 _bE8.2 |
|
| 100 | 1 |
_aEun-Hee, Na _935597 |
|
| 245 | 1 | 1 |
_a¡Acércate a mí! / _cEun-Hee Na ; il. Suk-Gyeon Kim ; tr. Alquimia ediciones. |
| 260 |
_aMéxico : _bAltea, _cc2007. |
||
| 300 |
_a[35] p. : _bil. col. |
||
| 534 |
_pTítulo original : _tCome to me! |
||
| 650 | 4 |
_aMatemáticas _vLiteratura infantil _922413 |
|
| 650 | 4 |
_aSuma _xEstudio y enseñanza (Preescolar) _922066 |
|
| 650 | 4 |
_aRESTA - _xESTUDIO Y ENSEÑANZA (PREESCOLAR) _922065 |
|
| 905 | _aInfantil | ||
| 999 |
_c169513 _d169513 |
||